| 000 | 00702nam a2200241 a 4500 | ||
|---|---|---|---|
| 001 | 55855 | ||
| 003 | BD-RjUL | ||
| 005 | 20211209080325.0 | ||
| 008 | 161122s1989 ii b 001 0 eng | ||
| 020 | _cRs900.00 | ||
| 035 | _a(BD-RjUL)55979 | ||
| 040 |
_aDLC _cDLC _dBD-RjUL _beng |
||
| 041 | _aeng | ||
| 082 | 0 | 0 |
_223 _a954.147 _bNAC 1989 |
| 245 | 0 | 0 |
_aCalcutta in the 19th century : _bcompany's days / _cedited by P. Thankappan Nair. |
| 260 |
_aCalcutta : _bFirma KLM, _c1989. |
||
| 300 |
_a1070 p. ; _c22 cm. |
||
| 500 | _aCollection of articles. | ||
| 504 | _aIncludes bibliographies and index. | ||
| 650 |
_aIndia--Kolkata _9166432 |
||
| 700 | 1 |
_aThankappan Nair, P. _9166301 |
|
| 942 |
_2ddc _cBK |
||
| 999 |
_c55855 _d55855 |
||